Ut mine Stromtid (Record no. 5795)

MARC details
000 -CABECERA
campo de control de longitud fija 00684nam a2200241 a 4500
001 - NÚMERO DE CONTROL
campo de control BRCA_6108
005 - FECHA Y HORA DE LA ÚLTIMA TRANSACCIÓN
campo de control 20190320205334.0
008 - DATOS DE LONGITUD FIJA--INFORMACIÓN GENERAL
campo de control de longitud fija 270611s1862----gw-#######---#000-0#ger-#
041 ## - CÓDIGO DE LENGUA
Código de lengua del texto/banda sonora o título independiente ger
044 ## - CÓDIGO DEL PAÍS DE LA ENTIDAD EDITORA/PRODUCTORA
Código MARC del país gw
050 #4 - SIGNATURA TOPOGRÁFICA DE LA BIBLIOTECA DEL CONGRESO
Número de clasificación PT4848 .R4
Número de documento/Ítem .U8 1 1962
100 1# - ENTRADA PRINCIPAL--NOMBRE DE PERSONA
Nombre de persona Reuter, Fritz
Fechas asociadas al nombre 1810-1874
9 (RLIN) 15434
245 10 - MENCIÓN DE TÍTULO
Título Ut mine Stromtid
Resto del título Erster Band
Mención de responsabilidad, etc. Fritz Reuter.
260 ## - PUBLICACIÓN, DISTRIBUCIÓN, ETC.
Lugar de publicación, distribución, etc. Berlín
Nombre del editor, distribuidor, etc. Deutsche Bibliothek
Fecha de publicación, distribución, etc. [1862]
300 ## - DESCRIPCIÓN FÍSICA
Extensión x, 305 p. (v.1)
Dimensiones 18 cm.
500 ## - NOTA GENERAL
Nota general Estado físsico: lomo deteriorado
500 ## - NOTA GENERAL
Nota general Ver también O103 (v.2)
500 ## - NOTA GENERAL
Nota general K10
505 0# - NOTA DE CONTENIDO CON FORMATO
Nota de contenido con formato Contenido: capitulo 1 al capitulo 19
650 14 - PUNTO DE ACCESO ADICIONAL DE MATERIA--TÉRMINO DE MATERIA
Término de materia o nombre geográfico como elemento de entrada Literatura Alemana
9 (RLIN) 6160
902 ## - CATALOGADOR
Iniciales GFM
942 ## - ELEMENTOS DE PUNTO DE ACCESO ADICIONAL (KOHA)
Fuente del sistema de clasificación o colocación Library of Congress Classification
Tipo de ítem Koha Libros
Holdings
Estado de retiro Estado de pérdida Estado dañado No para préstamo Localización permanente Ubicación/localización actual Fecha de adquisición Número de inventario Total de préstamos Signatura topográfica completa Código de barras Fecha visto por última vez Precio válido a partir de Tipo de ítem Koha
El ejemplar forma parte de la colección y puede ser consultado según las políticas vigentes.       Biblioteca del Museo Franz Mayer (Rogerio Casas-Alatriste) Biblioteca del Museo Franz Mayer (Rogerio Casas-Alatriste) 27/06/2011 K10   PT4848 .R4 .U8 1 1962 (K10) 6547 22/03/2019 22/03/2019 Libros